Alla cena del Signore (Record n. 102166)
[ formato base ]
| 000 -LEADER | |
|---|---|
| fixed length control field | 01319njm a2200313Ia 4500 |
| 001 - CONTROL NUMBER | |
| control field | E4093 |
| 003 - CONTROL NUMBER IDENTIFIER | |
| control field | IT-RoPAU |
| 005 - DATE AND TIME OF LATEST TRANSACTION | |
| control field | 20220918181151.0 |
| 008 - FIXED-LENGTH DATA ELEMENTS--GENERAL INFORMATION | |
| fixed length control field | 131025s9999 xx 000 0 und d |
| 040 ## - CATALOGING SOURCE | |
| Original cataloging agency | IT-RoPAU |
| 040 ## - CATALOGING SOURCE | |
| Transcribing agency | IT-RoPAU |
| 041 ## - LANGUAGE CODE | |
| Language code of text/sound track or separate title | ITALIANO |
| 999 ## - SYSTEM CONTROL NUMBERS (KOHA) | |
| Koha Dewey Subclass [OBSOLETE] | n.d. |
| 100 ## - MAIN ENTRY--PERSONAL NAME | |
| Personal name | Anselmi Daniele |
| 9 (RLIN) | 29755 |
| 100 ## - MAIN ENTRY--PERSONAL NAME | |
| Relator term | Autore musica |
| 9 (RLIN) | 31671 |
| 100 ## - MAIN ENTRY--PERSONAL NAME | |
| Miscellaneous information | Codice autore musica SPICS: 40135 |
| 9 (RLIN) | 29757 |
| 245 ## - TITLE STATEMENT | |
| Title | Alla cena del Signore |
| 250 ## - EDITION STATEMENT | |
| Edition statement | 1a ed. |
| 260 ## - PUBLICATION, DISTRIBUTION, ETC. (IMPRINT) | |
| Place of publication, distribution, etc. | ROMA |
| 260 ## - PUBLICATION, DISTRIBUTION, ETC. (IMPRINT) | |
| Name of publisher, distributor, etc. | EP - MUSICALI E DISCOGRAFICHE |
| Date of publication, distribution, etc. | 1996 [1a Ed.:1996 - Ed. Lingua Orig.: 1996] |
| 300 ## - PHYSICAL DESCRIPTION | |
| Extent | MUSICASSETTA |
| 500 ## - GENERAL NOTE | |
| General note | Musica religiosa. Canti eucaristici. |
| 505 ## - FORMATTED CONTENTS NOTE | |
| Formatted contents note | Chiesa di Cristo - Celebriamo tutti insieme - Con gioia andiamo - Alzerò il calice - Benedetto sei tu Signore - Per noi - Ora alla cena - Beato chi mangia il tuo pane - Un solo pane, un solo corpo - Resta con noi - Con amore infinito - Ubi caritas - Adoriamo il mistero - Adoremus Dominum. |
| 650 ## - SUBJECT ADDED ENTRY--TOPICAL TERM | |
| Topical term or geographic name as entry element | CANTI EUCARISTI [CASSETTE] |
| Relator term | Codice MATERIA SPICS: 9951 |
| 9 (RLIN) | 31672 |
| 700 ## - ADDED ENTRY--PERSONAL NAME | |
| Personal name | Parisi Antonio |
| Miscellaneous information | Codice autore -SPICS: 35389 |
| Relator term | Autore |
| 9 (RLIN) | 31673 |
| 700 ## - ADDED ENTRY--PERSONAL NAME | |
| Personal name | Turoldo David Maria |
| Relator term | Autore testo |
| Miscellaneous information | Codice autore testo SPICS: 28043 |
| 9 (RLIN) | 31674 |
| 700 ## - ADDED ENTRY--PERSONAL NAME | |
| Personal name | Parisi Antonio |
| Relator term | Interprete |
| Miscellaneous information | Codice interprete SPICS: 35389 |
| 9 (RLIN) | 31675 |
| 942 ## - ADDED ENTRY ELEMENTS (KOHA) | |
| Koha item type | MUSICASSETTE |
| Source of classification or shelving scheme | Dewey Decimal Classification |
| Withdrawn status | Lost status | Damaged status | Not for loan | Home library | Current library | Date acquired | Total Checkouts | Full call number | Date last seen | Price effective from | Koha item type | Public note |
|---|---|---|---|---|---|---|---|---|---|---|---|---|
| Buone Condizioni | Not For Loan | SPICS-MEDIATECA | SPICS-MEDIATECA | 25/10/2013 | E4093 | 25/10/2013 | 25/10/2013 | MUSICASSETTE | Progr. Ins.: 2461 / N.Vol.: 1 / Copie: 1 - Copia rara: n.d. / date import: 01.01.2014 - By Epidotti, Trombetti, Vaglietti |